000 00711nam a2200217Ii 4500
003 JO-AjNU
008 230605s9999||||xx |||||||||||||| ||und||
017 _a2011/4/977
040 _aJO-AjNU
_bara
_erda
_cJO-AjNU
041 _aara
050 1 4 _aGV546 2012
100 3 _aاعداد شمس الدين، سؤدد فؤاد,
_eauthor
_950293
245 0 0 _aكنقويا: بناء الاجسام ورفع الاثقال: مائة سؤال وجواب
250 _aط1
264 3 1 _aعمان: دار المعتز، 2012
300 _a103ص
336 _atext
_btxt
_2rdacontent
337 _aunmediated
_bn
_2rdamedia
338 _avolume
_bnc
_2rdacarrier
650 4 _aرفع الاثقال -رياضة
_950294
999 _aA22145
_c25713
_d25713